000 00565nam a22002177a 4500
001 00027945
005 20260123085703.0
008 260123b ag ||||| |||| 00| 0 spa d
020 _a82131964
040 _aAR-CcCEOS
_bspa
_cAR-CcCEOS
041 _aspa
080 _a141.316
090 _bPOC
100 _aD. F. Pocock
_9223
245 _aAntropología social /
_cD. F. Pocock
264 _aBarcelona :
_bherder,
_cc1964
300 _a135 p. ;
_c19x15 cm.
490 _aPequeña biblioteca herder.
655 0 _aantropología
_9221
942 _2udc
_cBK
_n0
999 _c27955
_d27955